| 000 | 00973cam a22002415a 4500 | ||
|---|---|---|---|
| 001 | L145304 | ||
| 008 | 080925s2008 xxkad f 000 0 eng d | ||
| 020 | _a9781904829867 | ||
| 035 | _a(Sirsi) u145304 | ||
| 041 | 0 | _aeng | |
| 050 | 0 | 4 | _a690.24 $2 18 |
| 110 | 2 |
_aBuilding Cost Information Service _91096 |
|
| 245 | 0 | 0 | _aOccupancy costs of libraries |
| 260 |
_aLondon _bBCIS _c2008 |
||
| 300 |
_a87p. _c30cm. |
||
| 490 | 0 |
_aBMI Special Report _v375 September 2008 |
|
| 520 | _aEstimates the total occupancy costs over a 20 year period for two libraries. Shows the projected annual occupancy costs for two schemes, which should provide a strategic benchmark for similar buildings. Includes projected annual expenditure charts and detailed estimates for individual elements and components. | ||
| 521 | _aAdvanced | ||
| 651 | 4 |
_aUnited Kingdom _y |
|
| 690 | _aBUILT ENVIRONMENT-BUILDING COSTS | ||
| 690 | _aPROPERTY-PROPERTY MANAGEMENT-OCCUPANCY COSTS | ||
| 942 | _n0 | ||
| 999 |
_c108746 _d108746 |
||